[Event "Pinnacle 48th COCC"]
[Site "Toronto CAN"]
[Date "2011.07.14"]
[Round "6"]
[White "Campbell,Bre"]
[Black "Mulyar,M"]
[Result "1/2-1/2"]
[WhiteElo "2166"]
[BlackElo "2410"]

1.Nf3 d5 2.g3 Nf6 3.Bg2 c6 4.O-O Bg4 5.h3 Bh5 6.d4 e6 7.b3 Nbd7 8.Bb2 Be7
9.Nbd2 O-O 10.Ne5 c5 11.g4 Bg6 12.Nxg6 hxg6 13.e4 cxd4 14.exd5 Nxd5 15.Bxd5 exd5
16.Nf3 Rc8 17.Bxd4 Qc7 18.c3 Bf6 19.Rc1 Rfe8 20.Qd2 Qa5 21.Rfd1 Bxd4 22.cxd4 Qxd2
23.Nxd2 Nf8 24.Rxc8 Rxc8 25.Nf3 Ne6 26.Ne1 g5 27.Ng2 Rc3 28.Ne3 Nf4 29.Kh2 f6
30.Kg3 Kf7 31.h4 g6 32.hxg5 fxg5 33.Kf3 a5 34.Rd2 Rc1 35.Nd1 Rc8 36.Kg3 Rh8
37.f3 Rh3+ 38.Kf2 Rh2+ 39.Ke1 Ng2+ 40.Kf2 Nh4+ 41.Ke3 Ng2+ 42.Kf2 Nf4+ 43.Ke3 Rh1
44.Kf2 Ke6 45.Ne3 Rc1 46.Ng2 Kf6 47.Ne3 b5 48.Nc2 b4 49.Ne3 Ke6 50.Nd1 Kd6
51.Nb2 Ne6 52.Na4 Rh1 53.Ke3 Re1+ 54.Kf2 Rc1 55.Ke3 Kc6 56.Nb2 Kd6 57.Na4 Nf4
58.Kf2 Rh1 59.Ke3 Ne6 60.Nb2 Ke7 61.Na4 Re1+ 62.Kf2 Rc1 63.Nb2 Kf6 64.Na4 Nc7
65.Nb6 Ke6 66.Na4 Nb5 67.Nc5+ Kd6 68.Na4 Nc3 69.Nxc3 bxc3 70.Rd3 a4 71.bxa4 Kc6
72.Ke2 Kb6 73.Rd1 Rxd1 74.Kxd1 Ka5 75.Kc2 Kxa4 76.Kxc3 Ka3 77.Kd3 Kxa2 78.Ke3 Kb3
79.f4 gxf4+ 80.Kxf4 Kc4 81.Kg5 Kxd4 82.Kxg6 Ke5 83.Kh6 d4 84.g5 d3 85.g6 d2
86.g7 d1=Q 87.g8=Q  1/2-1/2

[Event "Open ch-SVK A"]
[Site "Banska Stiavnica SVK"]
[Date "2011.07.15"]
[Round "7"]
[White "Toth,Sar"]
[Black "Varga,Dav"]
[Result "0-1"]
[WhiteElo "2176"]
[BlackElo "2364"]

1.Nf3 d5 2.g3 Nf6 3.Bg2 g6 4.c4 dxc4 5.Qa4+ c6 6.Qxc4 Be6 7.Qc2 Na6 8.a3 Bg7
9.O-O O-O 10.d3 Rc8 11.Nc3 h6 12.b4 b5 13.d4 Nb8 14.e4 a5 15.h3 Na6 16.Rb1 Nd7
17.bxa5 Qxa5 18.Bd2 Qc7 19.Rfc1 Nb6 20.Nd1 Nc4 21.Qd3 Nxd2 22.Nxd2 Qd7 23.d5 cxd5
24.Rxc8 Rxc8 25.Rxb5 Nc5 26.Qb1 Nxe4 27.Nxe4 dxe4 28.Rb7 Qd2 29.Rb8 Rxb8
30.Qxb8+ Kh7 31.Ne3 Qe1+ 32.Bf1 Bxh3 33.Qe8 Be6 34.Qxe7 Bd4 35.Qb4 Qxb4 36.axb4 Kg7
37.b5 Bxe3 38.fxe3 Kf6 39.b6 Bc8 40.Bc4 Bb7 41.Kf2 Ke7 42.Ke1 f6 43.Kd2 Kd6
44.Kc3 Kc5 45.Bf7 g5 46.Bg6 Kxb6 47.Kd4 Kc7 48.g4 Kd6 49.Bf5 Bc6 50.Bc8 Bd7
51.Bxd7 Kxd7 52.Kd5 Ke7 53.Kxe4 Ke6 54.Kd4 f5 55.gxf5+ Kxf5 56.Kd5 Kg6 57.e4 Kf7
58.Kd6 Ke8  0-1

[Event "Open ch-SVK A"]
[Site "Banska Stiavnica SVK"]
[Date "2011.07.15"]
[Round "7"]
[White "Jurcik,Mari"]
[Black "Borosova,Z"]
[Result "1-0"]
[WhiteElo "2481"]
[BlackElo "2310"]

1.Nf3 d5 2.g3 Nf6 3.Bg2 c6 4.O-O Bg4 5.d4 e6 6.Nbd2 Be7 7.Re1 O-O 8.e4 h6
9.c3 Nbd7 10.e5 Ne8 11.Nf1 f6 12.exf6 Rxf6 13.Ne3 Bf5 14.Qb3 Rb8 15.Nh4 Nf8
16.Nhxf5 exf5 17.Bxd5+ Kh8 18.Bg2 Ng6 19.Nc4 Nc7 20.Ne5 Kh7 21.Nxg6 Rxg6
22.Qf7 Bf6 23.Bh3  1-0

[Event "ch-Central Serbia Int Open A"]
[Site "Paracin SRB"]
[Date "2011.07.15"]
[Round "9"]
[White "Bogosavljevic,B"]
[Black "Lajthajm,B"]
[Result "0-1"]
[WhiteElo "2548"]
[BlackElo "2481"]

1.Nf3 d5 2.g3 c6 3.Bg2 g6 4.O-O Bg7 5.d4 Nd7 6.Nc3 Ngf6 7.Re1 O-O 8.Bf4 Nh5
9.Bg5 h6 10.Bd2 f5 11.Qc1 Kh7 12.e3 Nhf6 13.Ne2 Ne4 14.Nf4 Nxd2 15.Qxd2 Nf6
16.Nd3 Ne4 17.Qe2 Qd6 18.Nfe5 b6 19.c3 Ba6 20.Qc2 Bxd3 21.Nxd3 Rac8 22.f3 Ng5
23.Rad1 e6 24.e4 Nf7 25.Re2 Qd7 26.Rde1 Rce8 27.h4 h5 28.Nf4 Bh6 29.Nd3 Bg7
30.Qa4 Nd6 31.Nb4 fxe4 32.fxe4 Nb5 33.Nd3 Nd6 34.Nf4 Bh6 35.exd5 exd5 36.Bh3 Qc7
37.Rxe8 Rxe8 38.Rxe8 Nxe8 39.Ne2 Be3+ 40.Kh1 Nd6 41.Qd1 Ne4 42.Kg2 Qf7 43.Qf1  0-1

[Event "10th Condom Open A"]
[Site "Condom FRA"]
[Date "2011.07.16"]
[Round "9.7"]
[White "Fejzovski,En"]
[Black "Lewis,Jo"]
[Result "1/2-1/2"]
[WhiteElo "2156"]
[BlackElo "2107"]

1.Nf3 d5 2.g3 Nf6 3.Bg2 e6 4.b3 Be7 5.Bb2 Nbd7 6.O-O O-O 7.d3 b6 8.a4 a5
9.Nbd2 Bb7 10.e3 Rc8 11.Nd4 Nc5 12.N2f3 Nfd7 13.c3 Na6 14.h4 c5 15.Nb5 Nc7
16.c4 Nxb5 17.axb5 Bf6 18.Qc2 Bxb2 19.Qxb2 Qf6 20.Qxf6 Nxf6 21.Ne5 Rc7 22.Rfd1 Nd7
23.Nf3 Rfc8 24.Ra2 f6 25.Kf1 Kf7 26.Ke2 Ke7 27.h5 Rd8 28.Rad2 Ba8 29.Nh4 Rcc8
30.f4 Nf8 31.g4 d4 32.e4 g6 33.Bh3 gxh5 34.gxh5 Nd7 35.Rg1 Rg8 36.Rdd1 Bb7
37.Kf2 Rcf8 38.Rde1 Bc8 39.Nf3 Bb7 40.Nh4 Bc8 41.Rxg8 Rxg8 42.Nf3 Bb7 43.Nh2 Rg7
44.Ng4 Bc8 45.Nh2 Bb7 46.Rg1 Rxg1 47.Kxg1 Bc8 48.Kf2 Nf8 49.Kg3 Bd7 50.Ng4 Be8
51.Kh4 Nd7 52.e5 f5 53.Nf2 h6 54.Bg2 Nf8 55.Nd1 Kd8 56.Nb2 Kc7 57.Bf3 Nh7
58.Na4 Nf8 59.Nb2 Kd8 60.Kg3 Nh7  1/2-1/2

[Event "Oberwart Open"]
[Site "Oberwart AUT"]
[Date "2011.07.16"]
[Round "8"]
[White "Seifert,Mi"]
[Black "Makk,R"]
[Result "0-1"]
[WhiteElo "2153"]
[BlackElo "2246"]

1.Nf3 d5 2.g3 Nf6 3.Bg2 c6 4.d3 Bf5 5.O-O e6 6.b3 h6 7.Bb2 Nbd7 8.Nbd2 Bh7
9.c4 dxc4 10.bxc4 Bd6 11.a4 O-O 12.Bc3 e5 13.e4 Re8 14.Nb3 Qc7 15.Nh4 Rad8
16.Qf3 Nc5 17.Nxc5 Bxc5 18.Rad1 Bd4 19.Bd2 Nd7 20.Kh1 Nc5 21.Nf5 Bxf5 22.exf5 Qd6
23.f6 Qxf6 24.Qxf6 gxf6 25.Bxh6 Nxa4 26.Be3 Nc5 27.Rfe1 Rd6 28.Bh3 Red8 29.Bf5 Bxe3
30.Rxe3 a5 31.h3 a4 32.Kg2 Nb3 33.Rb1 Ra8 34.Ree1 Nd4 35.Bg4 a3 36.Bd1 a2
37.Ra1 b5  0-1

[Event "Opatija Summer Open"]
[Site "Opatija CRO"]
[Date "2011.07.16"]
[Round "6.5"]
[White "Vrhovnik,D"]
[Black "Tica,Sven"]
[Result "0-1"]
[WhiteElo "2082"]
[BlackElo "1687"]

1.Nf3 d5 2.g3 c6 3.b3 Bg4 4.Bg2 Nf6 5.Bb2 Nbd7 6.O-O e6 7.d3 Bd6 8.c4 O-O
9.Na3 Re8 10.Nc2 a5 11.Ne3 Bh5 12.a3 Ng4 13.Nxg4 Bxg4 14.Qd2 Qe7 15.h3 Bh5
16.Bc3 Bxa3 17.Bxa5 Bd6 18.Bc3 Nc5 19.Qb2 f6 20.g4 Bg6 21.Nd2 Bf4 22.Qc2 Qc7
23.b4 Bxd2 24.Bxd2 Na6 25.Qb3 Qe5 26.Rae1 Qd6 27.Rd1 Bf7 28.b5 Nc5 29.Qc2 cxb5
30.cxb5 Rec8 31.Rb1 Bg6 32.Rfc1 Qd7 33.Qb2 Nxd3 34.exd3 Bxd3 35.Rxc8+ Rxc8
36.Rc1 Rxc1+ 37.Qxc1 Bxb5 38.Qc5 Qc6 39.Qa7 Ba6 40.Qb8+ Kf7 41.h4 Qc2 42.Qf4 h6
43.Bb4 Bc4 44.Qc7+ Kg8 45.Qc8+ Kh7 46.Qxb7 Qd1+ 47.Kh2 Qxg4 48.Bf8 Qxh4+
49.Kg1 Qg5 50.Qc6 Qg4 51.f3 Qd4+ 52.Kh1 Qe5 53.Qd7 f5 54.Bd6 Qe1+ 55.Kh2 Qh4+
56.Kg1 d4 57.f4 d3 58.Be5 Qg3 59.Kh1 Qh4+ 60.Kg1 Qg4 61.Kh1 h5 62.Qd4 h4
63.Qe3 Qe2 64.Qxe2 dxe2 65.Bc3 Bd5 66.Be1 Kh6 67.Bxh4 Kh5 68.Be1 Bxg2+ 69.Kxg2 Kg4
70.Kf2 Kxf4 71.Bd2+ Ke4 72.Kxe2 f4 73.Bc3 g5 74.Kf2 g4 75.Ba5 e5 76.Bb4 g3+
77.Kg2 Kf5 78.Be1 Kg4 79.Bb4 e4 80.Be1 f3+ 81.Kf1 e3 82.Bf2 g2+  0-1

[Event "Nana Aleksandria Cup"]
[Site "Poti GEO"]
[Date "2011.07.16"]
[Round "6"]
[White "Azaladze,S"]
[Black "Kalashian,D"]
[Result "0-1"]
[WhiteElo "2436"]
[BlackElo "2410"]

1.Nf3 d5 2.g3 Nf6 3.Bg2 c6 4.O-O Bf5 5.Nh4 Bg4 6.h3 Bh5 7.d3 e5 8.Qe1 Bc5
9.e4 dxe4 10.dxe4 O-O 11.a4 a5 12.Nd2 Na6 13.Nb3 Bb6 14.Qc3 Nb4 15.Bg5 h6
16.Bd2 Nd7 17.Qc4 Qe7 18.Bxb4 Qxb4 19.Qxb4 axb4 20.a5 Bd8 21.Nf5 Be2 22.Rfc1 Bg5
23.Re1 Bc4 24.Red1 Rfd8 25.h4 Bf6 26.Rdc1 Be6 27.Bf1 Bxf5 28.exf5 e4 29.Ra2 Be7
30.Re1 Nc5 31.Nxc5 Bxc5 32.Rxe4 Rd5 33.Rf4 Bd6 34.Rf3 Raxa5 35.Rxa5 Rxa5
36.f6 Rc5 37.b3 Rxc2 38.Rd3 Bf8 39.Rd7 b5 40.Rc7 Rc3 41.Bg2 gxf6 42.Rxc6 Rxb3
43.Rb6 Rb1+ 44.Bf1 Bc5 45.Rxb5 Bd4 46.Kg2 Rb2 47.Bc4 Bxf2 48.Rb7 Bd4+ 49.Kh3 Kf8
50.Kg4 Be5 51.Rxf7+ Ke8 52.Rh7 Rg2 53.Kf5 Rxg3 54.Ke6 Kf8 55.Rf7+ Kg8 56.Kf5 Kh8
57.Rb7 Bc3 58.Rb8+ Kh7 59.h5 Rg7 60.Ke6 Rc7 61.Bb3 Kg7 62.Bd5 Ra7 63.Bc4 Be1
64.Bd5 Ra6+ 65.Kf5 Bc3 66.Rg8+ Kh7 67.Rb8 Ra7 68.Ke6 Kg7 69.Bc4 Rf7 70.Kf5 Re7
71.Be6 Ra7 72.Bd5 Re7 73.Be6 Bd2 74.Rd8 Bc3 75.Rb8 Ra7 76.Bd5 Ra5 77.Ke6 Ra6+
78.Kf5 Rd6 79.Bb3 Rd3 80.Rg8+ Kh7 81.Rb8 Rh3 82.Rb7+ Kh8 83.Ke6 Rxh5 84.Kf7 Rg5
85.Rb8+ Kh7 86.Bc2+ f5 87.Rb5 Rg7+ 88.Ke6 Ra7 89.Kxf5 Kg7 90.Be4 Rf7+ 91.Kg4 Rf1
92.Rb6 Rg1+ 93.Kf5 Rg5+ 94.Kf4 Bd2+ 95.Kf3 h5 96.Rd6 Bc3 97.Rd5 Be5 98.Rb5 b3
99.Bd3 b2 100.Ke4 Kf6 101.Rb6+ Ke7 102.Rb5 Kd6 103.Rb6+ Kc7 104.Rb5 h4 105.Bf1 Rg1
106.Bd3 Re1+ 107.Kd5 h3  0-1

[Event "Poznan Summer Open"]
[Site "Poznan POL"]
[Date "2011.07.16"]
[Round "1.5"]
[White "Urban,K"]
[Black "Palasz,Miroslaw"]
[Result "1-0"]
[WhiteElo "2456"]
[BlackElo "1703"]

1.Nf3 d5 2.g3 Nf6 3.Bg2 g6 4.c4 e6 5.d4 Bg7 6.O-O O-O 7.Qc2 Nc6 8.Rd1 Re8
9.Bf4 Nh5 10.Bg5 Nf6 11.Qc1 Na5 12.Na3 Nc6 13.Ne5 Ne7 14.Nb5 c6 15.Nc3 Nd7
16.Ng4 f6 17.Bh6 Bh8 18.h3 f5 19.Nh2 Nf6 20.Nf3 dxc4 21.Ne5 Ned5 22.Nxc4 Qc7
23.Qc2 Nd7 24.e4 N5b6 25.Ne3 a6 26.a4 Nf6 27.a5 Nbd7 28.exf5 gxf5 29.Nxf5 exf5
30.Qb3+ Nd5  1-0

[Event "2nd SPI Open"]
[Site "Satu Mare ROU"]
[Date "2011.07.16"]
[Round "2"]
[White "Bonte,Ar"]
[Black "Bonte,An"]
[Result "0-1"]
[WhiteElo "2005"]
[BlackElo "2329"]

1.Nf3 d5 2.g3 c5 3.c4 d4 4.d3 Nc6 5.Bg2 e5 6.e4 Be7 7.O-O Bg4 8.h3 Be6 9.Qa4 Qd7
10.Kh2 h6 11.a3 a5 12.Ng1 g5 13.f4 gxf4 14.gxf4 exf4 15.Bxf4 Nf6 16.Qd1 h5
17.Qf3 Ng4+ 18.Kh1 Nce5 19.Qe2 Bd6 20.b4 axb4 21.Nd2 bxa3 22.Ndf3 Ng6  0-1

[Event "XIII Gdansk Open"]
[Site "Gdansk POL"]
[Date "2011.07.17"]
[Round "2.27"]
[White "Renkowski,P"]
[Black "Norov,A"]
[Result "1/2-1/2"]
[WhiteElo "1924"]
[BlackElo "1541"]

1.Nf3 d5 2.g3 Nf6 3.Bg2 c6 4.O-O Bf5 5.d3 Nbd7 6.Bf4 e6 7.c3 Be7 8.Nbd2 O-O
9.Ne5 Nxe5 10.Bxe5 Nd7 11.Bf4 e5 12.Be3 Bd6 13.f4 exf4 14.Bxf4 Bxf4 15.Rxf4 Bg6
16.d4 Re8 17.e4 dxe4 18.Nxe4 Re6 19.Qb3 Qe7 20.Raf1 Rd8 21.Nd2 Re2 22.R4f2 Rxf2
23.Rxf2 Nf6 24.Nf1 h6  1/2-1/2

[Event "St Pauli Open"]
[Site "Hamburg GER"]
[Date "2011.07.17"]
[Round "9.34"]
[White "Johannsen,D"]
[Black "Groetzbach,J"]
[Result "1/2-1/2"]
[WhiteElo "2083"]
[BlackElo "1884"]

1.Nf3 d5 2.g3 Nf6 3.Bg2 c6 4.O-O Bf5 5.b3 h6 6.Bb2 e6 7.c4 Nbd7 8.d3 Be7
9.Nbd2 O-O 10.Re1 Bh7 11.e4 Nc5 12.Ne5 Bd6 13.Re3 Bxe5 14.Bxe5 d4 15.Bxf6 Qxf6
16.Rf3 Qe7 17.g4 f5 18.gxf5 exf5 19.exf5 Bxf5 20.Qf1 Rae8 21.b4 Na4 22.Nb3 Qd6
23.Rg3 Nc3 24.Bf3 g5 25.h4 g4 26.c5 Qf4 27.Qc1 Qxf3 28.Nxd4 Ne2+ 29.Nxe2 Qxe2
30.Qxh6 Qe6 31.Qg5+ Kf7 32.Rc1 Qf6 33.Qf4 Be6 34.Qxf6+ Kxf6 35.f3 Rg8 36.Kf2 gxf3
37.Rxf3+ Ke7 38.Re1 Kd7 39.a4 Bd5 40.Rxe8 Kxe8 41.Rf4 Ke7 42.Ke3 Rg3+ 43.Kd2 Rf3
44.Rg4 Kf6 45.Kc2 Ke5 46.d4+ Kf6 47.h5 Ke7 48.h6 Rh3 49.Rg6 Bf7 50.Rd6 Be6
51.b5 Rxh6 52.bxc6 bxc6 53.Kd2 Rh7 54.Kc3 Bd5 55.Rg6 Rh3+ 56.Kb4 Rh7 57.Ka5 Kf8
58.Ka6 Kf7 59.Rd6 Ke8 60.Rg6 Kd8 61.Rf6 Bc4+ 62.Ka5 Rh4  1/2-1/2

[Event "TCh-Euro Open Girls"]
[Site "Iasi ROU"]
[Date "2011.07.17"]
[Round "3.3"]
[White "Krumova,A"]
[Black "Adamowicz,K"]
[Result "1-0"]
[WhiteElo "1961"]
[BlackElo "2106"]

1.Nf3 d5 2.g3 c5 3.Bg2 Nf6 4.O-O Nc6 5.d3 e6 6.Nbd2 b6 7.e4 Bb7 8.Re1 Be7
9.e5 Nd7 10.c4 d4 11.Ne4 Qc7 12.Bf4 O-O-O 13.a3 h6 14.h4 Nf8 15.b4 Ng6 16.bxc5 bxc5
17.Nd6+ Bxd6 18.exd6 Qd7 19.Bd2 Qxd6 20.h5 Nge7 21.Bf4 Qd7 22.Ne5 Qe8 23.Rb1 f6
24.Qb3 Ba8 25.Nxc6 Nxc6 26.Qa4 e5 27.Qa6+ Kc7 28.Bd2 Rb8 29.Rb5 Kd6 30.Reb1 Rc8
31.Rxc5 Qxh5 32.Bb4 Kd7 33.Rd5+ Ke6 34.Rd6+ Kf5 35.Bxc6 Bxc6 36.Rxc6 Rb8
37.Qxa7 Qg5 38.Rc7 Rhg8 39.Rb7 Ra8 40.Qc5 h5 41.Qd5 Kg6 42.Rd1 h4 43.Qe4+ Kh5
44.Qxh4+ Qxh4 45.gxh4 g5 46.hxg5 Rxg5+ 47.Kf1  1-0

[Event "20th ch-MKD Open"]
[Site "Struga MKD"]
[Date "2011.07.17"]
[Round "2"]
[White "Matijevic,Filip"]
[Black "Vasovski,N"]
[Result "0-1"]
[WhiteElo "1932"]
[BlackElo "2312"]

1.Nf3 d5 2.g3 Bg4 3.Bg2 Nd7 4.d4 e6 5.O-O Ngf6 6.c4 c6 7.b3 b5 8.Bg5 Be7
9.Nbd2 h6 10.Bxf6 Bxf6 11.cxb5 cxb5 12.Rc1 O-O 13.e3 Qa5 14.Qc2 Nb6 15.Ne5 Bxe5
16.dxe5 Rac8 17.Qb2 b4 18.h3 Be2 19.Rfe1 Bd3 20.f4 Rc3 21.a4 Rfc8 22.Nf3 Qc5
23.Rxc3 bxc3 24.Qc1 Qb4 25.Nd4 Nd7 26.Bf1 Nc5 27.Rd1 Be4 28.Bg2 Nxb3 29.Nxb3 Bxg2
30.Kxg2 Qxb3 31.Rd3 Qa2+ 32.Kf3 c2 33.Ra3  0-1

[Event "TCh-Euro Open Girls"]
[Site "Iasi ROU"]
[Date "2011.07.18"]
[Round "4.4"]
[White "Varga,Me"]
[Black "Vasilescu,M"]
[Result "1-0"]
[WhiteElo "2152"]
[BlackElo "1822"]

1.Nf3 d5 2.g3 c5 3.Bg2 Nc6 4.d4 e6 5.O-O Nf6 6.c4 dxc4 7.dxc5 Qa5 8.Qc2 Bd7
9.Na3 Rc8 10.Bf4 Bxc5 11.Nxc4 Qa6 12.Qb3 O-O 13.Nfe5 Nxe5 14.Nxe5 Bb5 15.a4 Bxe2
16.Bxb7 Qb6 17.Qxb6 Bxb6 18.Bxc8 Bxf1 19.Bxe6 Ba6 20.Bc4 Bb7 21.a5 Bd4 22.Rd1 Bc5
23.Nxf7 Rxf7 24.Rd8+ Bf8 25.Bd6 Bd5 26.Bxf8 Rxf8 27.Bxd5+ Nxd5 28.Rxd5 Rb8
29.Rd7 Rxb2 30.Rxa7 Ra2 31.h4 h5 32.Kg2 Ra3 33.Kf1 Ra2 34.Ke1 Kh7 35.Ra8 Kg6
36.a6 Kf5 37.Kd1 Kg4 38.Rg8 Rxa6 39.Rxg7+ Kh3 40.Ke2 Rf6 41.Ke3 Rf5 42.Rg5  1-0

[Event "III Corporation Cup A"]
[Site "Izhevsk RUS"]
[Date "2011.07.18"]
[Round "4"]
[White "Harutjunyan,G"]
[Black "Nukin,A"]
[Result "1-0"]
[WhiteElo "2464"]
[BlackElo "2338"]

1.Nf3 d5 2.g3 Nf6 3.Bg2 c6 4.d3 Bf5 5.Nbd2 e6 6.O-O h6 7.b3 Be7 8.Bb2 O-O
9.Qe1 Bh7 10.e4 a5 11.a3 c5 12.Ne5 a4 13.f4 Nc6 14.Nxc6 bxc6 15.Kh1 Qb6 16.Rb1 Qb5
17.c4 Qa6 18.f5 d4 19.fxe6 fxe6 20.Bh3 e5 21.Nf3 Bd6 22.b4 cxb4 23.axb4 a3
24.Ba1 Rab8 25.c5 Qxd3 26.Be6+ Kh8 27.Rb3 Qxe4 28.cxd6 Nd5 29.Qxe4 Bxe4 30.Kg1 Bxf3
31.Rbxf3 Rxf3 32.Rxf3 a2 33.d7 Nxb4 34.Rf7 Nd5 35.Bxd5 cxd5 36.Re7 Kh7 37.Re8 Rb1+
38.Kg2 Rxa1 39.d8=Q Rg1+ 40.Kxg1 a1=Q+ 41.Kg2 Qb2+ 42.Kh3 Qe2 43.Rh8+ Kg6
44.Qe8+ Kg5 45.Qe7+ Kg6 46.Qe6+ Kg5 47.Rf8 Qh5+ 48.Kg2 Qe2+ 49.Rf2 Qe4+ 50.Kh3 h5
51.Rf7  1-0

[Event "ch-PHI w"]
[Site "Manila PHI"]
[Date "2011.07.18"]
[Round "4"]
[White "Mirano,Mira"]
[Black "Fronda,J"]
[Result "1-0"]
[WhiteElo "1698"]
[BlackElo "2076"]

1.Nf3 d5 2.g3 Nf6 3.Bg2 Nbd7 4.O-O e5 5.d3 c6 6.Nbd2 Bc5 7.a3 e4 8.Nh4 e3
9.fxe3 Ng4 10.Nf5 Bxe3+ 11.Kh1 O-O 12.Qe1 g6 13.Nh4 Qb6 14.h3 Bf2 15.Rxf2 Nxf2+
16.Kh2 g5 17.Nf5 g4 18.Nb3 gxh3 19.Nh6+ Kg7 20.Be3 Qd8 21.Bf3 Nxd3 22.exd3 Ne5
23.Be2 Re8 24.Nd4 Qf6 25.Qd2 c5 26.Rf1 cxd4 27.Bxd4 Qxh6 28.Rxf7+ Kxf7 29.Qxh6 Kg8
30.Bh5 Re6 31.Qg5+ Ng6 32.Qxd5 Kf8 33.Qd8+ Kf7 34.Bf3 Ne7 35.Bc5 Re5 36.Bh5+ Ng6
37.Qf8+ Ke6 38.Qd6+ Kf5 39.Bxg6+ hxg6 40.Qf8+ Ke6 41.Qe7+ Kf5 42.Qf7+ Kg4
43.Qf4+ Kh5  1-0

[Event "XXIX Andorra Open"]
[Site "Arinsal AND"]
[Date "2011.07.19"]
[Round "4.8"]
[White "Berkovich,M"]
[Black "Peralta,Fe"]
[Result "1/2-1/2"]
[WhiteElo "2396"]
[BlackElo "2601"]

1.Nf3 d5 2.g3 Nc6 3.d4 Bf5 4.Bg2 Nb4 5.Na3 e6 6.O-O Be7 7.Ne5 Nf6 8.c3 Na6
9.b4 O-O 10.Qb3 c6 11.b5 cxb5 12.Nxb5 Nd7 13.Bf4 Nb6 14.g4 Be4 15.f3 Bg6
16.a4 f6 17.Nxg6 hxg6 18.e4 Nc4 19.Rae1 Qd7 20.Re2 b6 21.Rfe1 Rfe8  1/2-1/2

[Event "16th Balaguer Open"]
[Site "Balaguer ESP"]
[Date "2011.07.19"]
[Round "3"]
[White "Fandino Reyes,R"]
[Black "Barbosa Martinez,M"]
[Result "1-0"]
[WhiteElo "2145"]
[BlackElo "1762"]

1.Nf3 d5 2.g3 c6 3.Bg2 Nf6 4.O-O Bf5 5.d3 h6 6.c3 e6 7.Qb3 b6 8.Re1 Be7 9.Bf4 O-O
10.Nd4 Bd6 11.e4 Bxf4 12.exf5 Bd6 13.fxe6 Qc7 14.Nd2 Bc5 15.N2f3 Re8 16.exf7+ Kxf7
17.Rxe8 Nxe8 18.Re1 Nd7 19.Ne6 Qb7 20.d4 Bd6 21.c4 Ndf6 22.Ne5+ Kxe6 23.Bh3+ Ke7
24.Nd7+ Kf7 25.Nxf6 gxf6 26.cxd5 c5 27.dxc5 Bxc5 28.d6+ Kf8 29.Bg2  1-0

[Event "13th Sant Marti Open"]
[Site "Barcelona ESP"]
[Date "2011.07.19"]
[Round "7"]
[White "Karlsson,L"]
[Black "Perez Mitjans,O"]
[Result "1/2-1/2"]
[WhiteElo "2482"]
[BlackElo "2452"]

1.g3 d5 2.Nf3 Nc6 3.d4 Bf5 4.Bg2 Nb4 5.Na3 Be4 6.c3 Na6 7.O-O e6 8.Bf4 c6
9.Nb1 h6 10.Nbd2 Bh7 11.Ne1 Nf6 12.Nd3 Be7 13.Be5 O-O 14.Bxf6 Bxf6 15.e4 Qb6
16.b4 Rfd8 17.Qe2 Nc7 18.Nb3 dxe4 19.Bxe4 Bxe4 20.Qxe4 Nb5 21.Rfc1 Nd6 22.Qe2 Qb5
23.a4 Qf5 24.Re1 h5 25.Ne5 Rac8 26.Na5 Rc7 27.Rad1 Nc8 28.Nac4 Ne7 29.Rd3 Nd5
30.Rf3 Qh7 31.Nd2 Qc2 32.Ne4 Qxe2 33.Rxe2 Bxe5 34.dxe5 Nb6 35.a5 Nc4 36.Nd6 Nxe5
37.Rxe5 Rxd6 38.Rxh5 Rcd7 39.Rc5 a6 40.Kg2 Rd2 41.Rc4 f6 42.h4 e5 43.g4 Kf7
44.g5 Ke6 45.gxf6 gxf6 46.Rg4 Rf7 47.h5 f5 48.Rg6+ Rf6 49.Rxf6+ Kxf6 50.Rg3 e4
51.Rg6+ Kf7 52.Rg5 Kf6 53.Rg6+ Kf7 54.Rg5 Kf6  1/2-1/2

[Event "ch-PHI"]
[Site "Manila PHI"]
[Date "2011.07.19"]
[Round "7"]
[White "Salvador,R"]
[Black "Sanchez,Joseph"]
[Result "1/2-1/2"]
[WhiteElo "2527"]
[BlackElo "2534"]

1.Nf3 d5 2.g3 c6 3.Bg2 Nf6 4.d4 Bf5 5.O-O Nbd7 6.b3 e6 7.c4 Be7 8.Bb2 O-O
9.Nbd2 h6 10.Ne5 Nxe5 11.dxe5 Nd7 12.cxd5 exd5 13.e4 dxe4 14.Nxe4 Bxe4 15.Bxe4 Nc5
16.Bf3 Qxd1 17.Rfxd1 Rad8 18.Ba3 b6 19.Kg2 a5 20.Rxd8 Rxd8 21.Rd1 Rxd1 22.Bxd1 Kf8
23.Bxc5 Bxc5 24.f4 Ke7 25.Kf3 Bg1 26.h3 g6 27.Be2 Bc5 28.Bc4 h5 29.Ke4 Bf2
30.Kf3 Bc5 31.Ke4 Bf2  1/2-1/2

[Event "Poznan Summer Open"]
[Site "Poznan POL"]
[Date "2011.07.19"]
[Round "4.10"]
[White "Hemmerling,J"]
[Black "Warchol,M"]
[Result "0-1"]
[WhiteElo "1994"]
[BlackElo "1820"]

1.Nf3 d5 2.g3 c6 3.Bg2 Nf6 4.O-O Bf5 5.c4 dxc4 6.Na3 e6 7.Nxc4 h6 8.d3 Nbd7
9.Bf4 Nb6 10.Na5 Qc8 11.Nd4 Nfd5 12.Rc1 Bg6 13.e4 Nxf4 14.gxf4 Qd7 15.Nab3 Rc8
16.f5 exf5 17.exf5 Bxf5 18.Re1+ Be7 19.Qe2 Bg4 20.f3 Be6 21.Nxe6 Qxe6 22.Qf2 Qf6
23.Qe3 Rc7 24.d4 O-O 25.Nc5 Nd5 26.Qe5 Qxe5 27.dxe5 Bg5 28.Rc4 Be3+ 29.Kh1 Re7
30.Nd3 Rd8 31.f4 Nb6 32.Re4 Bd2 33.Bf1 Bxe1 34.Rxe1 Nc4 35.Rc1 Ne3 36.Be2 Red7
37.Rc3 Nd1 38.Bxd1 Rxd3 39.Rxd3 Rxd3 40.Bb3 Rf3 41.f5 Rxf5 42.e6 Rf4 43.exf7+ Rxf7
44.Kg2 Kf8 45.Bxf7 Kxf7 46.Kf3  0-1

[Event "XXIX Andorra Open"]
[Site "Arinsal AND"]
[Date "2011.07.20"]
[Round "5.4"]
[White "Venkatesh,M"]
[Black "Arizmendi Martinez,J"]
[Result "0-1"]
[WhiteElo "2480"]
[BlackElo "2555"]

1.Nf3 d5 2.g3 Nf6 3.Bg2 c6 4.d3 Bf5 5.Nbd2 e6 6.O-O h6 7.Qe1 Be7 8.e4 Bh7
9.Ne5 Nbd7 10.Nxd7 Nxd7 11.f4 O-O 12.g4 dxe4 13.dxe4 Qa5 14.Kh1 Rad8 15.Qg3 Nc5
16.a3 Rxd2 17.Qe1 Rxg2 18.Qxa5 Bxe4 19.Re1 b6 20.Qb4 Bd5 21.Re5 Nd3 22.Rxd5 Nxb4
23.axb4 Rxc2 24.Rd2 Rc4 25.b3 Rc3  0-1

[Event "Poznan Summer Open"]
[Site "Poznan POL"]
[Date "2011.07.20"]
[Round "5.20"]
[White "Jedrzejczak,Przemyslaw"]
[Black "Kaczmarczyk,Pawel"]
[Result "1/2-1/2"]
[WhiteElo "1814"]
[BlackElo "1635"]

1.Nf3 d5 2.g3 Bg4 3.Bg2 c6 4.O-O e6 5.d3 Bd6 6.Nbd2 h5 7.h4 Bxf3 8.Nxf3 Nf6
9.Bg5 Qc7 10.Qd2 Ng4 11.c4 f6 12.Be3 e5 13.cxd5 cxd5 14.Rac1 Nc6 15.Bc5 e4
16.Bxd6 Qxd6 17.dxe4 d4 18.Rfd1 Rd8 19.e3 Kf7 20.b4 Nge5 21.Rc5 Nxf3+ 22.Bxf3 Ne5
23.Rd5 Qa6 24.Qxd4 Rxd5 25.Qxd5+ Kg6 26.Qb3 Rc8 27.Kg2 Qb6 28.a3 Rc4 29.Rd5 Qe6
30.Qd1 Ng4 31.Bxg4 hxg4 32.Qd3 Rxe4 33.Rd4 Kf5 34.f3 Qa2+ 35.Kf1 Qa1+ 36.Ke2 Qa2+
37.Qd2 gxf3+ 38.Kxf3 Qb1 39.Rxe4 Qxe4+  1/2-1/2

[Event "13th Sant Marti Open"]
[Site "Barcelona ESP"]
[Date "2011.07.21"]
[Round "9"]
[White "Karlsson,L"]
[Black "Cuartas,Ja"]
[Result "1/2-1/2"]
[WhiteElo "2482"]
[BlackElo "2542"]

1.g3 d5 2.Nf3 Nf6 3.Bg2 c6 4.b3 Bg4 5.Bb2 Nbd7 6.O-O e6 7.c4 Be7 8.d4 O-O
9.Nc3 Re8 10.Ne5 Bf5 11.f4 Bb4 12.e3 Bxc3 13.Bxc3 Ne4 14.Bb2 Nxe5 15.dxe5 Qb6
16.cxd5 Qxe3+ 17.Kh1 exd5 18.g4 Nf2+ 19.Rxf2 Qxf2 20.Bd4 Qxf4 21.gxf5 Qxf5
22.Qd2 Rxe5 23.Rf1 Qe6 24.Bxe5 Qxe5 25.Qf2 Qe7 26.Re1 Qd6 27.Qh4 Rb8 28.Bh3 h6
29.Re7 a5 30.Bf5 Rf8 31.Rxb7 Qe5 32.Qf2 Qf6 33.Qf1 c5 34.Bh3 Qc6 35.Qb5 Qf6
36.Bg2 c4 37.bxc4 dxc4 38.Qxc4 Rd8 39.Rb1 Rd4 40.Qc7 a4 41.Rf1 Qe6 42.Qb8+ Kh7
43.Qa7 Rd2 44.Qxa4 Rxa2 45.Qe4+ Qxe4 46.Bxe4+ Kg8 47.Bd5 Ra7 48.Rb1 g6 49.Rb7 Rxb7
50.Bxb7 f5 51.Kg2 Kg7 52.h4 Kf6 53.Kf3 g5 54.hxg5+  1/2-1/2

[Event "Biel MTO Open"]
[Site "Biel SUI"]
[Date "2011.07.21"]
[Round "4"]
[White "Meins,G"]
[Black "Grandadam,N"]
[Result "1/2-1/2"]
[WhiteElo "2505"]
[BlackElo "2314"]

1.Nf3 d5 2.g3 Bg4 3.Bg2 c6 4.O-O Nd7 5.d4 Ngf6 6.Nbd2 e6 7.Re1 Be7 8.e4 dxe4
9.Nxe4 Nxe4 10.Rxe4 Nf6 11.Re1 O-O 12.c3 a5 13.Qb3 Bxf3 14.Bxf3 Qd7 15.a4 Rab8
16.Bd2 Nd5 17.h4 b6 18.Rad1 b5 19.Bc1 Nb6 20.axb5 cxb5 21.d5 exd5 22.Bxd5 Bc5
23.Be4 Qa7 24.Bf4 Rbd8 25.Qxb5 Nd7 26.Qe2 Nf6 27.Bf3 h6 28.Kg2 Qb6 29.Qc2 Rfe8
30.Rxd8 Rxd8 31.Re2 Bd6 32.Be3 Bc5 33.Bf4 Bd6 34.Be3 Bc5 35.Bxc5 Qxc5 36.Qa4 Rd6
37.b4 axb4 38.Qxb4 Qc7 39.Rb2 Kh7 40.Rc2 Rb6 41.Qa5 Qd6 42.c4 Rb3 43.Qf5+ g6
44.Qf4 Qxf4 45.gxf4 Ra3 46.c5 Ra7 47.c6 Rc7 48.Rb2 Kg7 49.Rb7 Ne8 50.Bd5 Kf6
51.Kf3 Ke7 52.Ke3 f6 53.Kd4 Kd6 54.Rb8 Re7 55.Be4 g5 56.fxg5 fxg5 57.hxg5 hxg5
58.Rd8+ Kc7 59.Ra8 Kd6 60.Rd8+ Kc7 61.Ra8 Kd6 62.Ra5 Nf6 63.Bf3 Rg7 64.Rf5 Ke6
65.Re5+ Kd6 66.Rf5 Ke6 67.Rb5 Kd6 68.Rb7 Ne8 69.Rxg7 Nxg7 70.Be4 Ne6+ 71.Ke3 Ke5
72.Bg2 Nc7 73.Kf3 Kf5 74.Bh3+ Ke5 75.Kg4 Kf6 76.Bf1 Ne6 77.Bd3 Nc7 78.Kh5 Nd5
79.Kh6 Nc7 80.Kh7 Kf7 81.Bc2 Nb5 82.Ba4 Nc7 83.Bb3+ Ke7 84.Kg6 Kd6 85.Ba4 Nd5
86.Kxg5 Nc3 87.Bc2 Kxc6 88.Kf6 Kd6 89.f3 Nd5+  1/2-1/2

[Event "Helmut-Kohls-Turnier 2011"]
[Site "Dortmund GER"]
[Date "2011.07.21"]
[Round "1"]
[White "Nalbandian,T"]
[Black "Saltaev,M"]
[Result "1/2-1/2"]
[WhiteElo "2456"]
[BlackElo "2473"]

1.Nf3 d5 2.g3 c6 3.Bg2 Nf6 4.O-O Bg4 5.d3 Nbd7 6.Nbd2 e5 7.e4 Bd6 8.Qe2 O-O
9.Re1 Re8 10.h3 Bh5 11.a4 a5 12.Nb3 Qc7 13.Bg5 h6 14.Bd2 Bg6 15.Nh4 Bh7 16.Qf3 Bb4
17.Bxb4 axb4 18.Nf5 Bxf5 19.Qxf5 dxe4 20.Bxe4 Nb6 21.a5 Nc8 22.Bg2 Nd6 23.Qf3 c5
24.Qe3 c4 25.Qc5 Rac8 26.Qxc7 Rxc7 27.dxc4 Rxc4 28.Red1 Nde4 29.Nd2 Nxd2
30.Rxd2 e4 31.Bf1 Rc5 32.Ra4 Nd5 33.b3 e3 34.fxe3 Rxe3 35.Bc4 b5 36.axb6 Nxb6
37.Rd8+ Kh7 38.Bd3+ Rxd3 39.cxd3 Nxa4 40.bxa4 Ra5 41.d4 Rxa4 42.d5 Kg6 43.d6 Ra6
44.d7 Ra7 45.Rb8 Rxd7 46.Rxb4 Rd2 47.Rb6+ f6 48.Rb7 f5 49.Ra7 Rb2 50.Rc7 Kf6
51.Rc6+ Kg5 52.Rc7 g6 53.Rc6 Re2 54.Rb6 Re3 55.Kg2 Rc3 56.Ra6 Rc7 57.Rb6 Ra7
58.Rc6 Ra2+ 59.Kg1 h5 60.h4+ Kh6 61.Rb6 Ra4 62.Kg2 Re4 63.Rb7 Re6 64.Rf7 Ra6
65.Kh2 Ra8 66.Kg2 Rb8 67.Kf3 Rb2 68.Ra7 Rb4 69.Rf7 Rb8 70.Kf2 Rg8 71.Kf3 Rg7
72.Rf6 Re7 73.Ra6 Kg7 74.Rb6 Kf7 75.Ra6 Re6 76.Ra8 Rb6 77.Rc8 Rb3+ 78.Kf4 Rb4+
79.Kf3 Rd4 80.Rb8 Ke6 81.Re8+ Kf7  1/2-1/2